| 000 | 00477nam a22001937a 4500 | ||
|---|---|---|---|
| 003 | MPLRDC | ||
| 005 | 20220104124620.0 | ||
| 008 | 210129b ||||| |||| 00| 0 eng d | ||
| 020 | _a978-986-6886-72-0 | ||
| 082 | _a192.1 WF | ||
| 100 | _a王峰 | ||
| 245 |
_a做人做事就这么简单 _c |
||
| 250 | _a初版 | ||
| 260 |
_a台湾 _b红橘子文化事业有限公司 _c2010 |
||
| 300 | _b223 | ||
| 490 | _aNEW文库:: 017 | ||
| 650 | _a修身 | ||
| 942 |
_cBK _o192.1 WF |
||
| 999 |
_c20759 _d20749 |
||